01895nam a2200373 a 4500001001000000003000900010005001700019007000300036008004100039020001800080040002500098082002200123100004400145245006100189260004500250300002000295490006600315500009700381500004200478590002600520650003700546650004500583710005800628710008400686830007300770910003800843942001300881952012200894952011601016952012201132952012501254952012501379999001701504000038080DO-SdBNP20230117124404.0ta130313s2008 dr 000 0 spa d a9789945865127 aDO-SdBNPbspacBNPHU a323.44bC346L2221 aCastaños Guzmán, Servio Tulio9938910aLey de acceso a la infomación :bbalance y análisis. aSanto Domingo :bFLASCO:bCONARE,c2008. a44 p. ;c22 cm.1 aReforma y modernización del sistema político dominicano ; aDocumento presentado en el 4er. Desayuno-Panel Facultad Latinoamericana de Ciencias Sociales aIncluye notas al pie de las páginas aInventariado, 2018/BT 4aLibertad de información937564 4aInformación pública (derecho)9644742 aFacultad Latinoamericcana de Ciencias Sociales9644731 aRepública Dominicana.bConsejo Nacional de Administración del Estado956231 0aReforma y modernización del sistema político dominicano ;931304 aValidado. Control de calidad. MFF 2ddccLF2 0010718DSaGRbGRcHDd2013-03-13iLF1l0o323.44 C346Lp38080-30r2020-06-25te. 3w2020-06-25yLFDSZNo se presta 0010718PDaPDbPDcHDd2013-03-13iLF1l0o323.44 C346Lp38080-10r2020-06-25w2020-06-25yLFPDZNo se presta 0010718PDaPDbPDcHDd2013-03-13iLF1l0o323.44 C346Lp38080-20r2020-06-25te. 2w2020-06-25yLFPDZNo se presta 00102ddc56708DSaBNPHUbBNPHUcCTd2023-01-17l0oBNPHU DS 323.44 C346Lp2023-0204r2023-01-17te.4w2023-01-17yLF2 00102ddc56708DSaBNPHUbBNPHUcCTd2023-01-17l0oBNPHU DS 323.44 C346Lp2023-0205r2023-01-17te.5w2023-01-17yLF2 c37570d37570